000 00283nam a22001337a 4500
008 170726b xxu||||| |||| 00| 0 eng d
020 _a9781118022207
041 _aeng
080 _a004
100 _a30
101 _aSHK
245 _a3DS MAX 2012
_cMURDOCK,K.L
942 _2udc
_cBK
999 _c21942
_d21942